| 000 | 00939nam a22002537a 4500 | ||
|---|---|---|---|
| 005 | 20180207161637.0 | ||
| 010 | _a1718EN-30 ENG-121958 | ||
| 020 |
_a9789332570979 _c729.00 |
||
| 035 | _aEN-105490 | ||
| 035 | _aB-684032-4042 | ||
| 037 |
_bBSB _adpl |
||
| 037 | _bDBAD/PUB | ||
| 082 | _a515.35 | ||
| 100 | _aNagle, R. Kent | ||
| 245 |
_aFundamentals of differential equations / _cby R.Kent Nagle, Edward B. Saff [and] Arthur David Snider |
||
| 250 | _a8th ed | ||
| 260 |
_c2017 _aNoida _bPearson India |
||
| 270 |
_a15th Floor,, Tower-B, World Trade, Plot No.1, Block-C, Sector-16, _bNoida _e201301 |
||
| 300 |
_c25cm(pbk) _a691p. : _bill. |
||
| 700 | _aSaff, Edward B. | ||
| 700 | _aSnider, Arthur David | ||
| 942 |
_cEN _2ddc _mNAG _h515.35 |
||
| 999 |
_c144310 _d144310 |
||